[Event "17. Open de Sants Hostafrancs 2015"]
[Site "Barcelona ESP"]
[Date "2015.08.25"]
[Round "5.66"]
[White "Ossa, Orlando"]
[Black "Tarrago Domingo, Miguel"]
[Result "1/2-1/2"]
[WhiteElo "2249"]
[BlackElo "2000"]
[PlyCount "170"]
[EventDate "2015.08.21"]
[EventType "swiss"]
[EventRounds "10"]
[EventCountry "ESP"]
[SourceTitle "Ajedrez en Madrid"]
[Source "lmi"]
[SourceDate "2015.08.21"]

1. e4 c6 2. c4 d5 3. cxd5 cxd5 4. exd5 Qxd5 5. Nc3 Qa5 6. d4 e6 7. Nf3 Nf6 8.
Bd3 Nc6 9. O-O Be7 10. a3 O-O 11. b4 Qh5 12. b5 Na5 13. Be2 Nd5 14. Bd2 b6 15.
Ne5 Qh4 16. Bf3 Qxd4 17. Qe1 Bb7 18. Rd1 Bf6 19. Nxd5 Qxe5 20. Bc3 Qxe1 21.
Nxf6+ gxf6 22. Rfxe1 Bxf3 23. gxf3 e5 24. Rd6 Kg7 25. Kh1 Rfc8 26. Rg1+ Kh8 27.
Bxa5 bxa5 28. Rxf6 Rc3 29. a4 Ra3 30. Rg3 Rg8 31. Rxf7 Ra1+ 32. Kg2 Rxa4 33.
Rxg8+ Kxg8 34. Rxa7 Rb4 35. Rxa5 Kg7 36. Ra7+ Kg6 37. Rb7 Rb1 38. Rb8 h6 39. b6
Kg5 40. b7 Kh5 41. Kh3 Rb3 42. Kg3 Rb4 43. h4 Rb6 44. Re8 Rxb7 45. Rxe5+ Kg6
46. h5+ Kf6 47. Ra5 Rb4 48. f4 Rb6 49. Ra7 Kf5 50. Rf7+ Ke6 51. Rf8 Ke7 52. Rh8
Rf6 53. Kg4 Kf7 54. Rh7+ Kg8 55. Re7 Kf8 56. Rd7 Kg8 57. f5 Ra6 58. Kf4 Ra4+
59. Ke5 Rh4 60. Ke6 Rf4 61. f6 Rxf2 62. Rg7+ Kf8 63. Rg4 Rf1 64. Rh4 Re1+ 65.
Kf5 Rf1+ 66. Kg6 Rg1+ 67. Kxh6 Kf7 68. Rf4 Rg2 69. Kh7 Rg5 70. h6 Rg1 71. Rf2
Rg3 72. Rf1 Rh3 73. Ra1 Rh2 74. Ra8 Rh1 75. Rg8 Kxf6 76. Rg2 Rh3 77. Rf2+ Ke7
78. Kg6 Rg3+ 79. Kh5 Rh3+ 80. Kg5 Rh1 81. Kg6 Rg1+ 82. Kh7 Rg3 83. Rf5 Rg1 84.
Kh8 Rg3 85. h7 Rg1 1/2-1/2

[Event "17. Open de Sants Hostafrancs 2015"]
[Site "Barcelona ESP"]
[Date "2015.08.25"]
[Round "5.67"]
[White "Soto Diaz, Jose Antonio"]
[Black "Pedini, Dario"]
[Result "0-1"]
[WhiteElo "2086"]
[BlackElo "2249"]
[PlyCount "144"]
[EventDate "2015.08.21"]
[EventType "swiss"]
[EventRounds "10"]
[EventCountry "ESP"]
[SourceTitle "Ajedrez en Madrid"]
[Source "lmi"]
[SourceDate "2015.08.21"]

1. e4 e5 2. Nf3 Nc6 3. g3 Nf6 4. Nc3 Bc5 5. Bg2 d6 6. h3 h6 7. d3 Be6 8. Na4
Qd7 9. a3 a5 10. Nxc5 dxc5 11. Qe2 b6 12. Be3 a4 13. Rd1 Qc8 14. Nh4 Ra5 15. c3
O-O 16. g4 Re8 17. Rd2 Qa6 18. Nf5 c4 19. h4 Bxf5 20. exf5 Nd4 21. cxd4 exd4
22. dxc4 dxe3 23. fxe3 Rae5 24. Rh3 Qa5 25. g5 Ne4 26. Bxe4 Rxe4 27. gxh6 Qxf5
28. Rg3 Rxh4 29. Rxg7+ Kf8 30. Qf2 Qh5 31. Qf6 Rh1+ 32. Kf2 Rh2+ 33. Rg2 Qxh6
34. Qxh6+ Rxh6 35. c5 bxc5 36. Rc2 Re5 37. Rc4 Rb6 38. Kf3 Rf6+ 39. Rf4 Rfe6
40. Re2 Ra6 41. Rc2 Ke7 42. Rcc4 Rb6 43. Rxa4 Rxb2 44. Ra7 Rb3 45. Rxc7+ Kd6
46. Rfxf7 Rexe3+ 47. Kf2 Rec3 48. Rfd7+ Ke6 49. a4 Ra3 50. Ra7 Ra2+ 51. Ke1 Rh3
52. Rh7 Re3+ 53. Kd1 Kd5 54. Rac7 Kd4 55. Rhd7+ Kc4 56. Rd2 Ra1+ 57. Kc2 Rxa4
58. Rb7 Ra1 59. Rh2 Re4 60. Rbh7 Ra2+ 61. Kb1 Ra4 62. R7h4 Kb5 63. Rxe4 Rxe4
64. Kc2 Kc4 65. Rg2 Kb4 66. Rh2 Re3 67. Rh4+ c4 68. Rh8 Re2+ 69. Kc1 Kb3 70.
Rh1 c3 71. Kb1 Rb2+ 72. Ka1 Ra2+ 0-1

[Event "17. Open de Sants Hostafrancs 2015"]
[Site "Barcelona ESP"]
[Date "2015.08.25"]
[Round "5.68"]
[White "Serra Pages, Jordi"]
[Black "Dedebas, Emre Emin"]
[Result "1-0"]
[WhiteElo "2235"]
[BlackElo "1975"]
[PlyCount "107"]
[EventDate "2015.08.21"]
[EventType "swiss"]
[EventRounds "10"]
[EventCountry "ESP"]
[SourceTitle "Ajedrez en Madrid"]
[Source "lmi"]
[SourceDate "2015.08.21"]

1. d4 d5 2. c4 dxc4 3. e3 e5 4. Bxc4 exd4 5. exd4 Bd6 6. Nc3 Nf6 7. Qe2+ Qe7 8.
Qxe7+ Bxe7 9. Nf3 Bd6 10. O-O O-O 11. Nb5 a6 12. Nxd6 cxd6 13. Bf4 d5 14. Bb3
Nc6 15. Bg5 Be6 16. Bxf6 gxf6 17. Rfc1 Rfc8 18. Rc3 Na5 19. Rac1 Nxb3 20. axb3
Rxc3 21. Rxc3 Rc8 22. Rxc8+ Bxc8 23. b4 Kg7 24. Nd2 Kg6 25. f3 Kg5 26. Kf2 h5
27. Nb1 Bd7 28. Nc3 Bc6 29. Ke3 h4 30. Ne2 Bd7 31. Nc3 Bc6 32. Ne2 Bd7 33. Nf4
Be6 34. Nd3 Bd7 35. Nc5 Bc6 36. Kf2 Kf5 37. g3 Kg5 38. Nd3 hxg3+ 39. Kxg3 Bd7
40. Nf4 Bc6 41. Ng2 Kf5 42. Ne3+ Kg6 43. Kf4 Kh6 44. Nf5+ Kh5 45. Ne7 Kh4 46.
Ng8 Kh3 47. Nxf6 Kxh2 48. Ke5 Kg3 49. f4 Kf3 50. f5 Ke3 51. Nxd5+ Bxd5 52. Kxd5
Kf4 53. f6 Kf5 54. Kd6 1-0

[Event "17. Open de Sants Hostafrancs 2015"]
[Site "Barcelona ESP"]
[Date "2015.08.25"]
[Round "5.69"]
[White "Schnelzer, Reinhold"]
[Black "Vinas Racionero, Josep"]
[Result "1/2-1/2"]
[WhiteElo "2230"]
[BlackElo "1966"]
[PlyCount "45"]
[EventDate "2015.08.21"]
[EventType "swiss"]
[EventRounds "10"]
[EventCountry "ESP"]
[SourceTitle "Ajedrez en Madrid"]
[Source "lmi"]
[SourceDate "2015.08.21"]

1. Nf3 Nc6 2. d4 d5 3. Bf4 Bg4 4. e3 a6 5. c4 e6 6. Nc3 Nf6 7. Be2 Bb4 8. O-O
Bxc3 9. bxc3 dxc4 10. Bxc4 Nd5 11. Rc1 Nxf4 12. exf4 Qf6 13. Be2 Qxf4 14. Rb1
Rb8 15. Ne1 Bxe2 16. Qxe2 O-O 17. Nd3 Qd6 18. Nc5 b6 19. Nxa6 Ra8 20. Nb4 Nxb4
21. Rxb4 Ra3 22. Qc4 Rfa8 23. Ra1 1/2-1/2

[Event "17. Open de Sants Hostafrancs 2015"]
[Site "Barcelona ESP"]
[Date "2015.08.25"]
[Round "5.70"]
[White "Guix Torres, David"]
[Black "Micottis, Dorian"]
[Result "1/2-1/2"]
[WhiteElo "2036"]
[BlackElo "2228"]
[PlyCount "93"]
[EventDate "2015.08.21"]
[EventType "swiss"]
[EventRounds "10"]
[EventCountry "ESP"]
[SourceTitle "Ajedrez en Madrid"]
[Source "lmi"]
[SourceDate "2015.08.21"]

1. e4 c5 2. d4 cxd4 3. c3 Nf6 4. e5 Nd5 5. Nf3 e6 6. cxd4 d6 7. Bc4 Nb6 8. Bd3
dxe5 9. dxe5 N8d7 10. Qe2 Nc5 11. Bc2 Nd5 12. O-O Be7 13. Rd1 O-O 14. Nc3 Nxc3
15. bxc3 Qc7 16. Ng5 h6 17. Nh7 Re8 18. Qh5 Nd7 19. Bf4 Nf8 20. Nxf8 Bxf8 21.
Qf3 Rb8 22. Rd3 Rd8 23. Rad1 Bd7 24. Bxh6 Bc6 25. Qg3 Be4 26. Rxd8 Rxd8 27.
Rxd8 Qxd8 28. Bg5 Be7 29. Bxe7 Qd2 30. h4 Bxc2 31. Bg5 Qd1+ 32. Kh2 Qd3 33.
Qxd3 Bxd3 34. Kg3 Kf8 35. Kf4 b5 36. Ke3 Bf1 37. g3 a5 38. Kd4 Ke8 39. a4 bxa4
40. Bc1 Kd7 41. f3 Kc6 42. Ba3 Be2 43. Ke3 Bd1 44. c4 Bb3 45. Kd4 Bd1 46. Ke3
Bb3 47. Kd4 1/2-1/2

[Event "17. Open de Sants Hostafrancs 2015"]
[Site "Barcelona ESP"]
[Date "2015.08.25"]
[Round "5.74"]
[White "Garofalo, Pietro"]
[Black "Vuilleumier, Alexandre"]
[Result "1/2-1/2"]
[WhiteElo "2079"]
[BlackElo "2357"]
[PlyCount "37"]
[EventDate "2015.08.21"]
[EventType "swiss"]
[EventRounds "10"]
[EventCountry "ESP"]
[SourceTitle "Ajedrez en Madrid"]
[Source "lmi"]
[SourceDate "2015.08.21"]

1. b3 d5 2. Bb2 Nf6 3. e3 Bg4 4. f3 Bf5 5. g4 Bc8 6. g5 Nfd7 7. Nc3 e5 8. Nxd5
c6 9. Nc3 Qxg5 10. Qe2 Qh4+ 11. Qf2 Qxf2+ 12. Kxf2 f5 13. Nce2 Bd6 14. f4 exf4
15. Nxf4 Nf6 16. Bxf6 gxf6 17. Bh3 Na6 18. Nge2 Rg8 19. Raf1 1/2-1/2

[Event "17. Open de Sants Hostafrancs 2015"]
[Site "Barcelona ESP"]
[Date "2015.08.25"]
[Round "5.86"]
[White "Lacroix, Romain"]
[Black "Jareno Badenas, Aleix"]
[Result "1-0"]
[WhiteElo "2201"]
[BlackElo "2057"]
[PlyCount "23"]
[EventDate "2015.08.21"]
[EventType "swiss"]
[EventRounds "10"]
[EventCountry "ESP"]
[SourceTitle "Ajedrez en Madrid"]
[Source "lmi"]
[SourceDate "2015.08.21"]

1. d4 Nf6 2. Nf3 e6 3. c4 c5 4. g3 cxd4 5. Nxd4 Bb4+ 6. Nc3 Nc6 7. Bg2 d5 8.
O-O e5 9. Nxc6 bxc6 10. Nxd5 Bc5 11. Nxf6+ Qxf6 12. Bg5 1-0

[Event "17. Open de Sants Hostafrancs 2015"]
[Site "Barcelona ESP"]
[Date "2015.08.25"]
[Round "5.90"]
[White "Moratinos Izquierdo, Francisco"]
[Black "Garcia Ramos, Daniel"]
[Result "0-1"]
[WhiteElo "2035"]
[BlackElo "2176"]
[PlyCount "46"]
[EventDate "2015.08.21"]
[EventType "swiss"]
[EventRounds "10"]
[EventCountry "ESP"]
[SourceTitle "Ajedrez en Madrid"]
[Source "lmi"]
[SourceDate "2015.08.21"]

1. d4 Nf6 2. c4 g6 3. Nc3 Bg7 4. e4 d6 5. g3 O-O 6. Bg2 e5 7. dxe5 dxe5 8. Qxd8
Rxd8 9. Nd5 Nxd5 10. cxd5 c6 11. Bg5 f6 12. Be3 Na6 13. O-O-O cxd5 14. exd5 Bf5
15. Ne2 Nb4 16. Nc3 Nd3+ 17. Rxd3 Bxd3 18. Rd1 Bf5 19. d6 Rd7 20. Bd5+ Kh8 21.
Bb3 Bf8 22. Bc5 Rc8 23. Bb4 Bh6+ 0-1

[Event "17. Open de Sants Hostafrancs 2015"]
[Site "Barcelona ESP"]
[Date "2015.08.26"]
[Round "6.1"]
[White "Dvirnyy, Danyyil"]
[Black "Piorun, Kacper"]
[Result "1-0"]
[WhiteElo "2545"]
[BlackElo "2592"]
[PlyCount "145"]
[EventDate "2015.08.21"]
[EventType "swiss"]
[EventRounds "10"]
[EventCountry "ESP"]
[SourceTitle "Ajedrez en Madrid"]
[Source "lmi"]
[SourceDate "2015.08.21"]
[WhiteClock "0:02:58"]
[BlackClock "0:01:16"]

1. e4 e6 2. d4 d5 3. Nc3 Bb4 4. e5 c5 5. a3 Bxc3+ 6. bxc3 Qa5 7. Bd2 Qa4 8. Qg4
g6 9. Qd1 b6 10. h4 Ba6 11. h5 Bxf1 12. Kxf1 Nc6 13. Ne2 Qc4 14. Bg5 cxd4 15.
cxd4 h6 16. hxg6 fxg6 17. c3 Kd7 18. Qb1 Rf8 19. a4 Rf5 20. Be3 Nge7 21. Qb5 h5
22. Qxc4 dxc4 23. Ng3 Rff8 24. Ne4 Nd5 25. Ke2 Na5 26. Rh3 Kc6 27. Rah1 Rb8 28.
Rg3 Rbg8 29. Bd2 Nb3 30. Nd6 a6 31. Nxc4 b5 32. axb5+ axb5 33. Nb2 b4 34. cxb4
Nxd4+ 35. Kd3 Nf5 36. Rc1+ Kb7 37. Rh3 Rd8 38. Ke2 Ra8 39. Nc4 Ra2 40. Ke1 Rd8
41. Rd3 Rc8 42. g3 Rc7 43. Na5+ Kb6 44. Rxc7 Kxc7 45. Nb3 Kd7 46. Kd1 Ke7 47.
Nc5 Ra1+ 48. Kc2 Rf1 49. Ne4 Ra1 50. Kb3 Rb1+ 51. Kc4 Nb6+ 52. Kb5 Nd5 53. Nf6
Rf1 54. Ne4 Rb1 55. Kc5 Rb2 56. b5 Rc2+ 57. Bc3 Re2 58. f3 Rc2 59. b6 Kd8 60.
g4 Nfe7 61. Kd6 Kc8 62. Rd2 Rc1 63. Kxe6 h4 64. Bb4 Rc6+ 65. Bd6 Rxb6 66. Ng5
Kd8 67. Rxd5 Nxd5 68. Kxd5 Ke8 69. e6 Rb3 70. Ke4 Rb6 71. Ke5 Rb3 72. Kf4 Rb6
73. Ne4 1-0

[Event "17. Open de Sants Hostafrancs 2015"]
[Site "Barcelona ESP"]
[Date "2015.08.26"]
[Round "6.2"]
[White "Peralta, Fernando"]
[Black "Bailet, Pierre"]
[Result "1/2-1/2"]
[WhiteElo "2564"]
[BlackElo "2502"]
[PlyCount "66"]
[EventDate "2015.08.21"]
[EventType "swiss"]
[EventRounds "10"]
[EventCountry "ESP"]
[SourceTitle "Ajedrez en Madrid"]
[Source "lmi"]
[SourceDate "2015.08.21"]
[WhiteClock "0:15:50"]
[BlackClock "0:08:13"]

1. d4 Nf6 2. c4 g6 3. Nc3 Bg7 4. e4 d6 5. Nf3 O-O 6. h3 Na6 7. Be3 e5 8. d5 Nh5
9. g3 f5 10. exf5 gxf5 11. Ng5 Nf6 12. Qd2 Nc5 13. O-O-O h6 14. Nf3 Nfe4 15.
Nxe4 Nxe4 16. Qc2 Qf6 17. Nd2 Nc5 18. g4 fxg4 19. Bxc5 dxc5 20. Ne4 Qf4+ 21.
Kb1 Qxe4 22. Qxe4 Bf5 23. Bd3 Bxe4 24. Bxe4 Rf4 25. Rde1 Rxf2 26. hxg4 Rd8 27.
Rhf1 Rdf8 28. Bf5 Rxf1 29. Rxf1 e4 30. Re1 Bd4 31. Rxe4 Kg7 32. Re7+ Rf7 33.
Rxf7+ Kxf7 1/2-1/2

[Event "17. Open de Sants Hostafrancs 2015"]
[Site "Barcelona ESP"]
[Date "2015.08.26"]
[Round "6.3"]
[White "Admiraal, Miguoel"]
[Black "Boruchovsky, Avital"]
[Result "0-1"]
[WhiteElo "2414"]
[BlackElo "2540"]
[PlyCount "66"]
[EventDate "2015.08.21"]
[EventType "swiss"]
[EventRounds "10"]
[EventCountry "ESP"]
[SourceTitle "Ajedrez en Madrid"]
[Source "lmi"]
[SourceDate "2015.08.21"]
[WhiteClock "0:12:06"]
[BlackClock "0:00:33"]

1. e4 e5 2. Nf3 Nc6 3. Bc4 Bc5 4. c3 Nf6 5. d3 O-O 6. Nbd2 d5 7. exd5 Nxd5 8.
Ne4 Be7 9. O-O Nb6 10. Bb5 Bg4 11. Ng3 Qd5 12. c4 Qd6 13. Bxc6 bxc6 14. h3 Bc8
15. Be3 Qe6 16. Re1 f6 17. Bxb6 axb6 18. d4 Qxc4 19. dxe5 Rd8 20. Qb1 Ra5 21.
Re4 Qf7 22. Nd4 f5 23. Rf4 Bg5 24. e6 Qe8 25. e7 Rdd5 26. Rxf5 Bxf5 27. Ngxf5
g6 28. b4 Ra8 29. Qb3 gxf5 30. Nxc6 Qxc6 31. Rd1 Bd2 32. b5 Qe6 33. Kh2 Kf7 0-1

[Event "17. Open de Sants Hostafrancs 2015"]
[Site "Barcelona ESP"]
[Date "2015.08.26"]
[Round "6.4"]
[White "Sturt, Raven M"]
[Black "Blomqvist, Erik"]
[Result "0-1"]
[WhiteElo "2282"]
[BlackElo "2508"]
[PlyCount "120"]
[EventDate "2015.08.21"]
[EventType "swiss"]
[EventRounds "10"]
[EventCountry "ESP"]
[SourceTitle "Ajedrez en Madrid"]
[Source "lmi"]
[SourceDate "2015.08.21"]
[WhiteClock "0:11:25"]
[BlackClock "0:04:57"]

1. d4 Nf6 2. c4 e6 3. Nf3 d5 4. Nc3 c6 5. Qb3 Be7 6. Bg5 O-O 7. e3 Nbd7 8. Rc1
a6 9. cxd5 exd5 10. Bd3 Re8 11. O-O a5 12. Rfe1 g6 13. a3 Kg7 14. h3 Nb6 15.
Ne5 Be6 16. Qc2 Ng8 17. Bxe7 Nxe7 18. Na4 Nxa4 19. Qxa4 Qb6 20. Rc5 f6 21. Nf3
Bf5 22. Bxf5 Nxf5 23. Rb1 Nd6 24. Nd2 Qa6 25. Rbc1 Re7 26. Qb3 Qe2 27. R5c2 Qh5
28. Qb6 Qf5 29. Qc5 Rd7 30. Rc3 h5 31. Qb6 h4 32. Qb3 g5 33. Qd1 Re7 34. Rc5 a4
35. b3 axb3 36. Qxb3 g4 37. hxg4 Qxg4 38. Kf1 Kf7 39. Qd1 Qxd1+ 40. Rxd1 Rxa3
41. Nf3 Ra2 42. Rdc1 Nc4 43. Rb1 Ke8 44. Kg1 Rc7 45. Rb4 b6 46. Rcxc4 dxc4 47.
Rxc4 b5 48. Rb4 Ra4 49. Rb1 Rca7 50. Kh2 b4 51. Kh3 Kd7 52. Nd2 f5 53. Kxh4 Ke6
54. Nb3 Kd5 55. Nc5 Ra1 56. Rxa1 Rxa1 57. Kg5 Ra2 58. f4 Rxg2+ 59. Kxf5 Re2 60.
Nd3 b3 0-1

[Event "17. Open de Sants Hostafrancs 2015"]
[Site "Barcelona ESP"]
[Date "2015.08.26"]
[Round "6.5"]
[White "Cori, Jorge"]
[Black "Gallego Alcaraz, Andres Felipe"]
[Result "1-0"]
[WhiteElo "2635"]
[BlackElo "2443"]
[PlyCount "45"]
[EventDate "2015.08.21"]
[EventType "swiss"]
[EventRounds "10"]
[EventCountry "ESP"]
[SourceTitle "Ajedrez en Madrid"]
[Source "lmi"]
[SourceDate "2015.08.21"]
[WhiteClock "0:15:14"]
[BlackClock "0:21:44"]

1. Nf3 Nf6 2. d4 g6 3. g3 Bg7 4. Bg2 O-O 5. c4 d5 6. cxd5 Nxd5 7. O-O Nb6 8.
Nc3 Nc6 9. e3 Re8 10. Nh4 e5 11. d5 Na5 12. e4 c6 13. a4 cxd5 14. exd5 h6 15.
Re1 Bd7 16. Ne4 g5 17. Qh5 Nb3 18. Nxg5 hxg5 19. Bxg5 Qb8 20. Be4 Qd6 21. Bh7+
Kf8 22. Qf3 Bh6 23. Bg6 1-0

[Event "17. Open de Sants Hostafrancs 2015"]
[Site "Barcelona ESP"]
[Date "2015.08.26"]
[Round "6.6"]
[White "Arenas, David"]
[Black "Bachmann, Axel"]
[Result "1-0"]
[WhiteElo "2439"]
[BlackElo "2623"]
[PlyCount "47"]
[EventDate "2015.08.21"]
[EventType "swiss"]
[EventRounds "10"]
[EventCountry "ESP"]
[SourceTitle "Ajedrez en Madrid"]
[Source "lmi"]
[SourceDate "2015.08.21"]
[WhiteClock "0:12:40"]
[BlackClock "0:56:06"]

1. e4 e5 2. Nf3 Nc6 3. Bb5 a6 4. Ba4 Nf6 5. O-O Be7 6. Qe2 b5 7. Bb3 O-O 8. c3
d5 9. d3 dxe4 10. dxe4 Bd6 11. Rd1 Qe7 12. Nbd2 Na5 13. Bc2 Be6 14. Nf1 h6 15.
h3 c5 16. Ng3 Rfd8 17. Nh4 Bc7 18. Nhf5 Qf8 19. Rxd8 Rxd8 20. Qf3 Ne8 21. Nh5
Kh7 22. Nfxg7 Nxg7 23. Nf6+ Kg6 24. Qg3+ 1-0

[Event "17. Open de Sants Hostafrancs 2015"]
[Site "Barcelona ESP"]
[Date "2015.08.26"]
[Round "6.7"]
[White "Potkin, Vladimir"]
[Black "Dourerassou, Jonathan"]
[Result "1/2-1/2"]
[WhiteElo "2599"]
[BlackElo "2436"]
[PlyCount "36"]
[EventDate "2015.08.21"]
[EventType "swiss"]
[EventRounds "10"]
[EventCountry "ESP"]
[SourceTitle "Ajedrez en Madrid"]
[Source "lmi"]
[SourceDate "2015.08.21"]
[WhiteClock "0:41:30"]
[BlackClock "0:20:22"]

1. Nf3 d5 2. d4 Nf6 3. c4 e6 4. Nc3 Be7 5. Bf4 O-O 6. e3 Nbd7 7. a3 c5 8. cxd5
Nxd5 9. Nxd5 exd5 10. dxc5 Nxc5 11. Be2 Bg4 12. O-O Bf6 13. h3 Bh5 14. Rc1 Ne6
15. Qb3 Bxf3 16. Bxf3 Nxf4 17. exf4 d4 18. g3 Rb8 1/2-1/2

[Event "17. Open de Sants Hostafrancs 2015"]
[Site "Barcelona ESP"]
[Date "2015.08.26"]
[Round "6.9"]
[White "Mascaro March, Pedro"]
[Black "Dragun, Kamil"]
[Result "0-1"]
[WhiteElo "2414"]
[BlackElo "2572"]
[PlyCount "93"]
[EventDate "2015.08.21"]
[EventType "swiss"]
[EventRounds "10"]
[EventCountry "ESP"]
[SourceTitle "Ajedrez en Madrid"]
[Source "lmi"]
[SourceDate "2015.08.21"]
[WhiteClock "0:41:12"]
[BlackClock "0:23:52"]

1. d4 Nf6 2. Nf3 e6 3. Bg5 h6 4. Bh4 b6 5. e3 Bb7 6. Nbd2 d6 7. Bb5+ Nbd7 8.
O-O Be7 9. Qe2 Ne4 10. Bxe7 Qxe7 11. Ba6 Bxa6 12. Qxa6 Nxd2 13. Nxd2 O-O 14. a4
Rfb8 15. a5 b5 16. Qc6 Nf6 17. e4 Qd7 18. Qxd7 Nxd7 19. Rfd1 Kf8 20. Kf1 Ke7
21. Ke2 Rc8 22. Nf1 c5 23. Ne3 cxd4 24. Rxd4 Ne5 25. f4 Nc6 26. Rd2 h5 27. c3
g6 28. Nc2 Rab8 29. Rad1 b4 30. Rxd6 bxc3 31. bxc3 Rb2 32. Rd7+ Ke8 33. R7d2
Nxa5 34. Nd4 Rb7 35. Ra2 Nc4 36. e5 a5 37. Nf3 Rb3 38. Rd3 a4 39. Rxa4 Nb2 40.
Nd4 Rb7 41. Ra2 Nxd3 42. Kxd3 Rb1 43. g3 Kf8 44. Nf3 Rb3 45. Rc2 Rcb8 46. h4
Rb2 47. Ng5 0-1

[Event "17. Open de Sants Hostafrancs 2015"]
[Site "Barcelona ESP"]
[Date "2015.08.26"]
[Round "6.10"]
[White "Nijboer, Friso"]
[Black "Abergel, Thal"]
[Result "1-0"]
[WhiteElo "2566"]
[BlackElo "2433"]
[PlyCount "63"]
[EventDate "2015.08.21"]
[EventType "swiss"]
[EventRounds "10"]
[EventCountry "ESP"]
[SourceTitle "Ajedrez en Madrid"]
[Source "lmi"]
[SourceDate "2015.08.21"]
[WhiteClock "0:01:59"]
[BlackClock "0:02:35"]

1. e4 c5 2. Nf3 e6 3. Nc3 a6 4. d4 cxd4 5. Nxd4 Qc7 6. Bd3 Nf6 7. O-O d6 8. Kh1
g6 9. a4 Bg7 10. a5 O-O 11. Be3 Nbd7 12. Nb3 Ne5 13. f4 Nxd3 14. Qxd3 Bd7 15.
Bb6 Qb8 16. Nd4 Rc8 17. Rad1 e5 18. fxe5 dxe5 19. Nb3 Bc6 20. Nc5 Re8 21. Rf3
Nh5 22. Rxf7 Kxf7 23. Qc4+ Kf6 24. Nd7+ Bxd7 25. Rxd7 Nf4 26. Qf7+ Kg5 27. Qxg7
Qc8 28. Be3 Qc4 29. Bxf4+ Kg4 30. h3+ Kxf4 31. Qf6+ Kg3 32. Qf3+ 1-0

[Event "17. Open de Sants Hostafrancs 2015"]
[Site "Barcelona ESP"]
[Date "2015.08.26"]
[Round "6.11"]
[White "Burmakin, Vladimir"]
[Black "Stella, Andrea"]
[Result "1-0"]
[WhiteElo "2558"]
[BlackElo "2423"]
[PlyCount "155"]
[EventDate "2015.08.21"]
[EventType "swiss"]
[EventRounds "10"]
[EventCountry "ESP"]
[SourceTitle "Ajedrez en Madrid"]
[Source "lmi"]
[SourceDate "2015.08.21"]
[WhiteClock "0:06:16"]
[BlackClock "0:02:29"]

1. d4 Nf6 2. Nf3 g6 3. Bf4 Bg7 4. e3 O-O 5. Be2 d6 6. O-O Nbd7 7. h3 b6 8. a4
Bb7 9. a5 bxa5 10. Nbd2 c5 11. Nb3 a4 12. Rxa4 Qc7 13. Na5 Rab8 14. c3 Bd5 15.
Qa1 Rfc8 16. Nd2 e5 17. dxe5 dxe5 18. Bh2 Nb6 19. Ra3 c4 20. b3 cxb3 21. Naxb3
Nfd7 22. c4 Bb7 23. Rxa7 Ra8 24. Rxa8 Rxa8 25. Qb1 Na4 26. Rc1 Ndc5 27. Qc2 Qc6
28. Bf1 Bc8 29. Nxc5 Nxc5 30. Nb3 Bf5 31. Qd1 Rc8 32. Nxc5 Qxc5 33. Qb3 Be6 34.
Rb1 Bf8 35. Qb6 Qxb6 36. Rxb6 e4 37. Rb8 h5 38. Rxc8 Bxc8 39. Be5 Be6 40. f3
exf3 41. gxf3 Be7 42. Bd4 Kf8 43. Kg2 Ke8 44. Bd3 Kd7 45. f4 Kc6 46. Be4+ Kd6
47. Bd3 Kc6 48. Kg3 Bb4 49. Bf1 Be1+ 50. Kf3 Bb4 51. Ke4 Bf5+ 52. Ke5 Be7 53.
Bg2+ Kd7 54. Bb6 Ba3 55. Kf6 Ke8 56. c5 Bb2+ 57. Kg5 Kf8 58. c6 Kg7 59. Bd4+
f6+ 60. Kh4 Ba3 61. Bd5 Bd6 62. e4 Bb4 63. Kg3 Bc8 64. e5 h4+ 65. Kg2 fxe5 66.
Bxe5+ Kh6 67. Bf3 Be6 68. c7 g5 69. Kh2 Bc8 70. Bg4 Bb7 71. f5 Bd2 72. f6 Kg6
73. Kg1 Bf4 74. Bh5+ Kxh5 75. Bxf4 Kg6 76. Bxg5 Bc8 77. Kh2 Bd7 78. Bxh4 1-0

[Event "17. Open de Sants Hostafrancs 2015"]
[Site "Barcelona ESP"]
[Date "2015.08.26"]
[Round "6.12"]
[White "Ootes, Lars"]
[Black "Aroshidze, Levan"]
[Result "1-0"]
[WhiteElo "2400"]
[BlackElo "2535"]
[PlyCount "119"]
[EventDate "2015.08.21"]
[EventType "swiss"]
[EventRounds "10"]
[EventCountry "ESP"]
[SourceTitle "Ajedrez en Madrid"]
[Source "lmi"]
[SourceDate "2015.08.21"]
[WhiteClock "0:05:07"]
[BlackClock "0:05:17"]

1. e4 c5 2. Nf3 e6 3. d4 cxd4 4. Nxd4 a6 5. Bd3 Nf6 6. Qe2 d6 7. O-O Be7 8. c4
O-O 9. Nc3 Nbd7 10. f4 Qc7 11. Kh1 b6 12. b3 Bb7 13. Bb2 Rfe8 14. Rae1 Rad8 15.
Nf3 Nh5 16. Nd4 g6 17. f5 Bf6 18. Qf2 Re7 19. Be2 Ng7 20. Rd1 Rf8 21. Rd3 Nc5
22. Rh3 e5 23. Qe3 h5 24. Nc2 Kh7 25. Nb4 Qd8 26. Nbd5 Bxd5 27. Nxd5 Ree8 28.
Nxf6+ Qxf6 29. fxg6+ Qxg6 30. Bxh5 Nxh5 31. Rf5 Kg7 32. Rg5 Rh8 33. Kg1 Re6 34.
Rf3 Nf6 35. Rxg6+ fxg6 36. b4 Ng4 37. Qe2 Nd7 38. Ra3 Ngf6 39. g3 Ra8 40. Bc1
a5 41. Bd2 Ree8 42. Qd3 axb4 43. Rxa8 Rxa8 44. Qxd6 Kf7 45. Bxb4 Rxa2 46. Qe7+
Kg8 47. Qe6+ Kg7 48. Bc3 Re2 49. Bxe5 Nxe5 50. Qxe5 Re1+ 51. Kg2 Rxe4 52. Qc7+
Kh6 53. Qxb6 Ng4 54. c5 Rc4 55. h4 Rc2+ 56. Kf1 Ne3+ 57. Kg1 Rg2+ 58. Kh1 Rxg3
59. c6 Rf3 60. c7 1-0

[Event "17. Open de Sants Hostafrancs 2015"]
[Site "Barcelona ESP"]
[Date "2015.08.26"]
[Round "6.13"]
[White "Libiszewski, Fabien"]
[Black "Akesson, Ralf"]
[Result "1-0"]
[WhiteElo "2533"]
[BlackElo "2418"]
[PlyCount "87"]
[EventDate "2015.08.21"]
[EventType "swiss"]
[EventRounds "10"]
[EventCountry "ESP"]
[SourceTitle "Ajedrez en Madrid"]
[Source "lmi"]
[SourceDate "2015.08.21"]

1. e4 c5 2. Nf3 e6 3. d4 cxd4 4. Nxd4 Nc6 5. Nc3 Qc7 6. Be3 Nf6 7. f4 Nxd4 8.
Bxd4 Qxf4 9. g3 Qc7 10. e5 Nd5 11. Nxd5 exd5 12. Bg2 d6 13. Qe2 Be6 14. O-O-O
Qa5 15. Bc3 Qc5 16. Rd3 Rd8 17. Rhd1 dxe5 18. Qxe5 d4 19. Rxd4 Rxd4 20. Qxd4
Qxd4 21. Rxd4 Bc5 22. Rd3 Bc4 23. Rd1 O-O 24. Bxb7 h5 25. Bf3 h4 26. b3 Be6 27.
gxh4 Rc8 28. Kb2 Bf5 29. Rd5 g6 30. Bf6 Bxc2 31. Bg4 Be4 32. Rd2 Rb8 33. h5 a5
34. hxg6 Bxg6 35. a3 Kh7 36. Bc3 Bb6 37. Rd5 Rd8 38. Rb5 Rd6 39. h4 f6 40. Bxa5
Bd4+ 41. Bc3 Bxc3+ 42. Kxc3 Rd3+ 43. Kc4 Rd2 44. Bf5 1-0

[Event "17. Open de Sants Hostafrancs 2015"]
[Site "Barcelona ESP"]
[Date "2015.08.26"]
[Round "6.14"]
[White "Valdes Romero, Leonardo"]
[Black "Kanarek, Marcel"]
[Result "0-1"]
[WhiteElo "2396"]
[BlackElo "2528"]
[PlyCount "78"]
[EventDate "2015.08.21"]
[EventType "swiss"]
[EventRounds "10"]
[EventCountry "ESP"]
[SourceTitle "Ajedrez en Madrid"]
[Source "lmi"]
[SourceDate "2015.08.21"]
[WhiteClock "0:00:37"]
[BlackClock "0:00:38"]

1. d4 Nf6 2. Nf3 g6 3. g3 Bg7 4. Bg2 O-O 5. O-O d6 6. c4 Nc6 7. Nc3 Bf5 8. d5
Na5 9. Nd2 c5 10. e4 Bd7 11. Qc2 a6 12. b3 Rb8 13. Bb2 b5 14. Nd1 bxc4 15. bxc4
e5 16. Ne3 Bh6 17. Rae1 Nh5 18. Bc3 Nb7 19. Qd1 Qe8 20. Nf5 Bg5 21. f4 Bf6 22.
g4 exf4 23. e5 dxe5 24. Nh6+ Kg7 25. gxh5 Kxh6 26. Rxf4 Qd8 27. Rxf6 Qxf6 28.
Bxe5 Qf5 29. Qa1 f6 30. Bxb8 Rxb8 31. Rf1 Qd3 32. Ne4 f5 33. Nf6 Ba4 34. Qe5
Qd4+ 35. Qxd4 cxd4 36. Rb1 Kg7 37. Rb6 d3 38. Bf3 d2 39. c5 Nxc5 0-1